EXPLORING LIFESPAND DEVELOPMENT / (Record no. 615438)
[ view plain ]
| 000 -LEADER | |
|---|---|
| fixed length control field | 00333nam a22001337a 4500 |
| 020 ## - INTERNATIONAL STANDARD BOOK NUMBER | |
| Qualifying information | PB. |
| 040 ## - CATALOGING SOURCE | |
| Transcribing agency | FIZZA ISHAQ |
| 082 ## - DEWEY DECIMAL CLASSIFICATION NUMBER | |
| Classification number | 155 |
| Author Mark | LAU |
| 100 ## - MAIN ENTRY--PERSONAL NAME | |
| Personal name | BERK,E.LAURA. |
| 9 (RLIN) | 132167 |
| 245 ## - TITLE STATEMENT | |
| Title | EXPLORING LIFESPAND DEVELOPMENT / |
| Statement of responsibility, etc. | LAURA E.BERK. |
| 260 ## - PUBLICATION, DISTRIBUTION, ETC. | |
| Place of publication, distribution, etc. | NEW YORK; |
| Name of publisher, distributor, etc. | PEARSON, |
| Date of publication, distribution, etc. | 2008. |
| 300 ## - PHYSICAL DESCRIPTION | |
| Extent | 519 P. ; |
| Dimensions | 11X9IN |
| 942 ## - ADDED ENTRY ELEMENTS (KOHA) | |
| Source of classification or shelving scheme | |
| Koha item type | Book |
| Withdrawn status | Lost status | Source of classification or shelving scheme | Damaged status | Not for loan | Permanent Location | Current Location | Shelving location | Date acquired | Total Checkouts | Full call number | Barcode | Date last seen | Price effective from | Koha item type |
|---|---|---|---|---|---|---|---|---|---|---|---|---|---|---|
| NUST Baluchistan Campus (NBC) | NUST Baluchistan Campus (NBC) | Text Books | 12/01/2025 | 155 LAU | QD-855 | 12/01/2025 | 12/01/2025 | Book |
